000 00471nam a2200169Ia 4500
008 240729s9999 xx 000 0 und d
022 _a2186-2451
245 0 _aElectrochemistry
260 _aJapan
260 _bThe Electrochemical Society of Japan
650 _a Chemistry
650 _a Physical and theoretical chemistry
650 _aTechnology | Science
856 _uhttps://doaj.org/toc/da7504fae3224f28acfdb886080236a4
942 _2ddc
942 _cDOAJEJ
999 _c68418
_d68418
945 _a1
_bMadushi Gamage
_c1
_dMadushi Gamage